00824nam a2200205 a 450000100100000000500170001000800410002702000150006804000250008310000330010824500560014126000440019730000280024149000700026949000360033983000770037583000430045295201060049599900170060100003840320201002031242.0130410s2005 dr a 000 0 spa d a9993477923 aDO-SdBNPbspacBNPHU1 aRozas Aristy, Eduardo93777710aArquitectura y creatividad /cEduardo Rozas Aristy. aSanto Domingo :bUniversitaria ,c2005. a254 p. :bil. ;c27 cm.1 aPublicaciones de la Universidad Autónoma de Santo Domingov12241 aColección Arte y Sociedadv39 0aPublicaciones de la Universidad Autónoma de Santo Domingon1224964742 0aColección Arte y Sociedadn39964743 00107-18PDaPDbPDcOId2013-04-10iLF1l0o p38403-10r2020-06-25w2020-06-25yLFPDZNo se presta c37893d37893